Paralelo entre la vida militar de Espartero y la de Narvaez ... / (Record no. 159022)

MARC details
000 -LEADER
campo de control de longitud fija 00733nam a22001935i 4500
001 - NÚMERO DE CONTROL
campo de control 159022
003 - IDENTIFICADOR DE NÚMERO DE CONTROL
campo de control ES-MaACL
005 - FECHA Y HORA DE LA ÚLTIMA TRANSACCIÓN
campo de control 20251120063144.0
008 - DATOS DE LONGITUD FIJA--INFORMACIÓN GENERAL
campo de control de longitud fija 980103s1851 sp |||| | spa d
040 ## - FUENTE DE CATALOGACIÓN
Centro catalogador/agencia de origen NA
Lengua de catalogación spa
Centro/agencia transcriptor NA
100 1# - ENTRADA PRINCIPAL--NOMBRE DE PERSONA
Nombre de persona Martínez Villergas, Juan,
Fechas asociadas al nombre 1817-1894
9 (RLIN) 78481
245 10 - MENCIÓN DEL TÍTULO
Título Paralelo entre la vida militar de Espartero y la de Narvaez ... /
Mención de responsabilidad, etc. por Juan Martinez Villergas.
260 ## - PUBLICACIÓN, DISTRIBUCIÓN, ETC.
Lugar de publicación, distribución, etc. Madrid :
Nombre del editor, distribuidor, etc. [s. n. ],
Fecha de publicación, distribución, etc. 1851 (
Fabricante Imprenta de J. Antonio Ortigosa)
300 ## - DESCRIPCIÓN FÍSICA
Extensión IX, 320 p. ;
Dimensiones 21 cm.
600 14 - PUNTO DE ACCESO ADICIONAL DE MATERIA--NOMBRE DE PERSONA
Nombre de persona Espartero, Baldomero,
Fechas asociadas al nombre 1793-1879
9 (RLIN) 47778
600 17 - PUNTO DE ACCESO ADICIONAL DE MATERIA--NOMBRE DE PERSONA
Nombre de persona Valencia, Ramón María Narváez,
Títulos y otros términos asociados al nombre Duque de,
Fechas asociadas al nombre 1800-1868
Fuente del encabezamiento o término
9 (RLIN) 130396
852 ## - LOCALIZACIÓN
Ubicación ES-MaACL
Número de control de estantería G-4800
Nota libre -- Enc. cartón
Holdings
Estatus retirado Estado de pérdida Estado de daño No para préstamo Colección Biblioteca de origen Biblioteca actual Ubicación en estantería Fecha de adquisición Fuente de adquisición Total de préstamos Signatura topográfica completa Código de barras Visto por última vez Precio de reemplazo Tipo de ítem Koha
        Libros del s. XIX Biblioteca del Ateneo de Madrid Biblioteca del Ateneo de Madrid Depósito 2 17/01/2008     G-4800 1166469 23/02/2023 23/02/2023 Libro impreso antiguo